000 01269nam0a22003131 4500
001 rc\3789215
005 20260407082143.0
021 _aRU
_b[75-90828]
035 _a(NLR Aleph) 007251383
090 _a5209089
_c5209089
100 _a20120311d1975 |||y0rusy50 ca
101 0 _arus
102 _aRU
105 _ay z |||||
200 1 _aСовременность и стимулирование качества продукции
_f[Сост. Х. Метса, Ю. Крафт, И. Ларин, В. Пеэдимаа]
_gТарт. гос. ун-т
210 _aТарту
_cТГУ
_d1975
215 _a49 с.
_d20
606 _aЛегкая промышленность, предприятия
_xПродукция
_xКачество
_2psbo
606 _aЛегкая промышленность, предприятия
_xСтимулирование труда
_2psbo
702 1 _aКрафт
_bЮ.
_4220
702 1 _aЛарин
_bИ.
_4220
702 1 _aМетса
_bХ.А.
_gХерберт Адальбертович
_4220
702 1 _aПеэдимаа
_bВ.
_4220
712 0 2 _aТартуский университет
_3RU\NLR\AUTH\887988
_9288254
801 0 _aRU
_bNLR
_gpsbo
801 1 _aRU
_bELAR
_2rusmarc
852 _aNLR
_j76-4/2886
942 _cBOOK
980 _aNB